[Event "CZE-chT1E 2324"]
[Site "Czech Republic"]
[Date "2024.03.24"]
[Round "10.8"]
[White "Podskubka, Ondrej"]
[Black "Jedlicka, Ales"]
[Result "0-1"]
[WhiteElo "1822"]
[BlackElo "2197"]
[PlyCount "66"]
[EventDate "2023.10.22"]
[EventType "team-tourn"]
[EventRounds "11"]
[EventCountry "CZE"]
[SourceTitle "EXT 2025"]
[Source "ChessBase"]
[SourceDate "2024.10.14"]
[SourceVersion "1"]
[SourceVersionDate "2024.10.14"]
[SourceQuality "1"]
[WhiteTeam "Vlcnov"]
[BlackTeam "Polabiny III"]
[WhiteTeamCountry "CZE"]
[BlackTeamCountry "CZE"]

1. d4 Nf6 2. Nf3 e6 3. g3 d5 4. Bg2 b5 5. 0-0 Nbd7 6. c3 c5 7. a4 b4 8. a5 Ba6 9. Re1 Be7 10. cxb4 cxb4 11. Qa4 0-0 12. Bf4 Nh5 13. Nbd2 Nxf4 14. gxf4 Rb8 15. b3 Bb5 16. Qa2 Bd6 17. e3 Rc8 18. Rec1 Rc3 19. Ne5 Qc7 20. Rxc3 bxc3 21. Ndf3 f6 22. Nxd7 Bxd7 23. Qc2 Bb4 24. a6 Rc8 25. Ne1 Be8 26. f5 Bf7 27. fxe6 Bxe6 28. f4 Bf7 29. Nd3 Qe7 30. Nxb4 Qxb4 31. Rc1 Qd6 32. Qd3 Qa3 33. Rxc3 Qa1+ 0-1

[Event "Zlin Region-chT 2324"]
[Site "Czech Republic"]
[Date "2024.02.04"]
[Round "7.7"]
[White "Podskubka, Ondrej"]
[Black "Foukal, Jiri"]
[Result "1-0"]
[WhiteElo "1692"]
[BlackElo "1752"]
[PlyCount "67"]
[EventDate "2023.10.22"]
[EventType "team-tourn"]
[EventRounds "11"]
[EventCountry "CZE"]
[SourceTitle "EXT 2025"]
[Source "ChessBase"]
[SourceDate "2024.10.14"]
[SourceVersion "1"]
[SourceVersionDate "2024.10.14"]
[SourceQuality "1"]
[WhiteTeam "Vlcnov "]
[BlackTeam "Valasska Bystrice Sokol"]
[WhiteTeamCountry "CZE"]
[BlackTeamCountry "CZE"]

1. d4 e6 2. Nf3 d5 3. g3 c5 4. c3 Nc6 5. Bg2 Bd6 6. 0-0 Nf6 7. Re1 h6 8. a4 Bd7 9. dxc5 Bxc5 10. b4 Bd6 11. Ba3 Qc7 12. Nbd2 a6 13. Qb3 b5 14. axb5 axb5 15. Nd4 Ne5 16. Bb2 0-0 17. h3 Rfc8 18. Rec1 Qb6 19. Qd1 Rxa1 20. Rxa1 Nc4 21. Nxc4 dxc4 22. e3 e5 23. Ne2 Rd8 24. Qc2 g6 25. Bc1 Bc6 26. e4 Bf8 27. Be3 Qb7 28. Ra7 Qb8 29. Ra6 Qd6 30. Kh2 Kg7 31. Nd4 exd4 32. Bxd4 Qc7 33. Bxf6+ Kxf6 34. Rxc6+ 1-0

[Event "Zlin Region-chT 2324"]
[Site "Czech Republic"]
[Date "2023.11.26"]
[Round "3.3"]
[White "Podskubka, Ondrej"]
[Black "Navratilik, Pavel"]
[Result "0-1"]
[WhiteElo "1685"]
[BlackElo "2006"]
[PlyCount "62"]
[EventDate "2023.10.22"]
[EventType "team-tourn"]
[EventRounds "11"]
[EventCountry "CZE"]
[SourceTitle "EXT 2025"]
[Source "ChessBase"]
[SourceDate "2024.10.14"]
[SourceVersion "1"]
[SourceVersionDate "2024.10.14"]
[SourceQuality "1"]
[WhiteTeam "Vlcnov "]
[BlackTeam "Kromeriz Slavia III"]
[WhiteTeamCountry "CZE"]
[BlackTeamCountry "CZE"]

1. c4 Nf6 2. d4 e6 3. Nc3 Bb4 4. Bg5 c5 5. e3 Qa5 6. Bxf6 Bxc3+ 7. bxc3 Qxc3+ 8. Ke2 gxf6 9. Rc1 Qa5 10. Qc2 cxd4 11. exd4 Nc6 12. Nf3 b6 13. g3 Bb7 14. Rg1 Nxd4+ 15. Nxd4 Qe5+ 16. Kd1 Qxd4+ 17. Qd2 Bf3+ 18. Kc2 Be4+ 19. Kd1 Qxd2+ 20. Kxd2 Rc8 21. Be2 Rc7 22. Ke3 f5 23. Rgd1 Ke7 24. f3 Bb7 25. Rd2 Rd8 26. Rcd1 Rdc8 27. Rd4 Ba6 28. Rh4 Bxc4 29. Bxc4 Rxc4 30. Rxh7 Rc2 31. h4 Rxa2 0-1